LIBRARY ONLINE CATALOGUE

Ugwana on the Tana / (Record no. 12377)

MARC details
000 -LEADER
fixed length control field 00484nam a22001812 4500
001 - CONTROL NUMBER
control field 0000000520
005 - DATE AND TIME OF LATEST TRANSACTION
control field 20151217155803.0
008 - FIXED-LENGTH DATA ELEMENTS--GENERAL INFORMATION
fixed length control field 070207s xx 000 0 eng d
040 ## - CATALOGING SOURCE
Original cataloging agency KABU
Transcribing agency KABU
050 #0 - LIBRARY OF CONGRESS CALL NUMBER
Classification number DT434
Item number .U5K57
100 1# - MAIN ENTRY--PERSONAL NAME
Personal name Kirkman, James.
-- 0000148736
245 10 - TITLE STATEMENT
Title Ugwana on the Tana /
Statement of responsibility, etc. James Kirkman.
260 ## - PUBLICATION, DISTRIBUTION, ETC. (IMPRINT)
Place of publication, distribution, etc. Hague :
Name of publisher, distributor, etc. Moulton,
Date of publication, distribution, etc. 1966.
300 ## - PHYSICAL DESCRIPTION
Extent 128 p.
908 ## - PUT COMMAND PARAMETER (RLIN)
Put command parameter 070207
950 ## - LOCAL HOLDINGS (RLIN)
-- 1
Holdings
Withdrawn status Lost status Source of classification or shelving scheme Not for loan Home library Current library Date acquired Total Checkouts Full call number Barcode Date last seen Price effective from Koha item type
    Library of Congress Classification   Kabarak, Main Campus Kabarak, Main Campus 17/12/2015   DT434 .U5K57 006577 17/12/2015 17/12/2015 Africana Collection